000 00922nam a2200289Ia 4500
005 20210727153022.0
008 121119s2004 ck a gr 000 f spa
020 _a9586331806
041 1 _aspa
100 1 _aVerne, Julio
_d1828-1905
245 1 3 _aLa vuelta al mundo en 80 días
_cJules Verne ; traducción, Javier Torrente Malvido
250 _aOctava edición
300 _a288 páginas
_bilustraciones
490 0 _aTus libros : aventuras
650 1 4 _aHistorias de aventuras
_2LEMB
650 1 4 _aNovela de aventuras
_2LEMB
650 1 4 _a Novela francesa
_ySiglo XIX
_2LEMB
650 1 4 _aViajes
_vNovela
_2LEMB
700 1 _aTorrente Malvido, Javier
_etraductor
942 _2loc
_cBKLIT
264 _aBogotá
_bRei Andes
_c2004
336 _atexto
_btxt
_2rdacontent
337 _asin mediación
_bn
_2rdamedia
338 _avolumen
_bnc
_2rdacarrier
040 _aCO-BoRNBP
_bspa
_erda
_cCO-BoRNBP
084 _aN VER2
999 _c965
_d965